Mater et magistra: sobre la cuestión social
Gespeichert in:
| 1. Verfasser: | |
|---|---|
| Format: | Buch |
| Sprache: | Spanisch |
| Veröffentlicht: |
Santiago
Paulinas
1962
|
| Schlagworte: | |
| Tags: |
Tag hinzufügen
Keine Tags, Fügen Sie den ersten Tag hinzu!
|
MARC
| LEADER | 00000nam a2200000 a 4500 | ||
|---|---|---|---|
| 001 | UCY7257 | ||
| 003 | CL-VaPUC | ||
| 008 | 950609e19620900CL |||||||||||||||||spa|d | ||
| 082 | 0 | 4 | |a 262.91 |b JUA |2 21 |
| 100 | |a Juan XXIII |e author |9 337271 | ||
| 245 | 1 | 0 | |a Mater et magistra: sobre la cuestión social |
| 300 | |a 68 p | ||
| 942 | |c BK | ||
| 945 | |d 19950609 00:00:00 |a cmena | ||
| 260 | |a Santiago |b Paulinas |c 1962 | ||
| 650 | 0 | |a Cristianismo |9 257361 | |
| 650 | 0 | |a Encíclicas |9 255643 | |
| 650 | 0 | |a Documentos pontificios |9 255642 | |
| 650 | 0 | |a Problemas sociales |9 258537 | |
| 650 | 0 | |a Bienestar social |9 255298 | |
| 650 | 0 | |a Trabajadores |9 260887 | |
| 650 | 0 | |a Clase obrera |9 317035 | |
| 650 | 7 | |a DOCTRINAS RELIGIOSAS |2 CL-VaPUC |9 337177 | |
| 650 | 0 | |a Iglesia |9 255004 | |
| 650 | 0 | |a Catolicismo |9 258690 | |
| 650 | 0 | |a Justicia social |9 314874 | |
| 650 | 0 | |a Salarios |9 255321 | |
| 583 | |a last modification |c 20160602 17:23:24 |k Rodrigo Vera | ||
| 999 | |c 234674 |d 234672 | ||